La iglesia costarricense: entre Dios y el César /

Shranjeno v:
Bibliografske podrobnosti
Glavni avtor: Picado, Miguel
Format: Neznan
Jezik:Spanish
Izdano: Costa Rica : DEI
Izdaja:2° edición
Serija:Colección Historia de la iglesia y la teología
Oznake: Označite
Brez oznak, prvi označite!

MARC

LEADER 00000 a2200000 04500
001 47271
003
008 050611s1989 cr spa d
040
020 |a 9977-904-97-9  
090 |a 0004 P585i  
100 |a Picado, Miguel  
245 |a La iglesia costarricense:   |b entre Dios y el César /   |c Miguel Picado  
250 |a 2° edición  
260 |a Costa Rica :   |b DEI  
300 |a 159 páginas  
440 |a Colección Historia de la iglesia y la teología  
999 |c 14244  |d 14244